1911 1747 1362 1860 1362 1824 1368 1596 1145 1106 1727 1016 1350 1375 1069 1490 1526 1973 1118 1754 1205 1602 1527 1928 1944 1653 1190 1934 1813 1853 1136 1862 1580 1550 1667 1178 1882 1446 1978 1080 1407 1593 1404 1138 1835 1098 1334 1633 1795 1612 1487 1335 1571 1777 1154 1471 1591 1158 1589 1211 1287 1395 1269 1535 1210 1527 1938 1066 1643 1056 1701 1358 1591 1286 1813 1604 1807 1722 1026 1141 1403 1935 1530 1849 1844 1969 1432 1836 1844 1202 1619 1757 1805 1502 1735 1067 1311 1478 1003 BCNSPRNW ULIB Ver.6.0+V

เปลี่ยนเป็นภาษาไทย

Change to English
 แสดงรายละเอียดบรรณานุกรม
  กลับหน้าหลัก

Brief Record : Get Marc (ISO 2709) : E-mail record : QR code < ปิดหน้าต่าง
LEADER : 00000nam 2200000uu 4500
001    13399121315
003     ULIB
008    020711s2551 th a 000 0 tha d
060  4 WY160^bม114ก
100    มงคล ส่องสว่างธรรม
245    การพยาบาลบุคคลที่ได้รับการรักษาทางจิตเวช /^cมงคล ส่องสว่างธรรม
260    จันทบุรี :^bวิทยาลัยพยาบาลพระปกเกล้า จันทบุรี,^c2551
300    72 หน้า
650    จิตเวช
650    การพยาบาล^xจิตเวช
710 1  วิทยาลัยพยาบาลพระปกเกล้า จันทบุรี
945    ^p0^l0^i033080
999    ^aทศพร
รายการนี้ยังไม่มีแท็ก
คุณยังไม่ได้ล็อกอิน คุณสามารถมีกิจกรรมร่วมกับเว็บไซต์ได้ แต่ต้องล็อกอินก่อน ::
  ล็อกอิน

รายการสื่อสารสนเทศ

ลำดับที่ ประเภท เลขเรียก/บาร์โค้ด สถานที่ สถานะ
1. วิทยาศาสตร์การแพทย์ และสุขภาพ
วิทยาศาสตร์การแพทย์ และสุขภาพ
WY160 ม114ก ฉ.1 
  Barcode: 033080
ห้องสมุดวิทยาเขตสวรรค์ประชารักษ์
►หนังสือทั่วไป
บนชั้น

รายการใกล้เคียง
    หัวเรื่อง [จิตเวช]

BibComment


ยังไม่เคยถูกคอมเมนท์

คอมเมนท์ทรัพยากรรายการนี้
  คอมเมนท์: การพยาบาลบุคคลที่..


 Copyright 2026. Bcnsprnw @Library